000 00311nam a2200133 i 4500
001 bg
100 1 _aFRANZ, G.
245 0 0 _aKonstruktionslehre des Stahlbetons.
_nBd. 2 /
_cG. Franz.
260 _aBerlin,
_c1969.
040 _cBPK
041 _apol
942 _cKS
008 s pl f |000 0 pol
999 _c34789
_d34789
856 _uhttp://koha.tu.koszalin.pl/cgi-bin/koha/opac-detail.pl?biblionumber=34789
_yKatalog online BPK